| 000 | 00453cam a22001457a 4500 | ||
|---|---|---|---|
| 008 | 180718b1998 xxu||||| |||| 00| 0 eng d | ||
| 082 | _aPROJ.REP. 2000/MAL | ||
| 100 | _aMalick, M.H. | ||
| 245 |
_aA study of the trained nurse's association of India _cby M.H. Malick |
||
| 260 |
_aNew Delhi _bIndian Institute of Public Administration _c1998 |
||
| 300 | _a40p. | ||
| 650 | _aNurse practitioners | ||
| 650 | _aHealth facilities | ||
| 650 | _aPublic health | ||
| 999 |
_c492460 _d492460 |
||